000 01080nam a2200205 i 4500
001 115662
003 ES-MaACL
007 t|
008 070424s1909 sp ||||1| spa d
100 1 _aGonzález Tánago y García, Manuel.
_958978
245 1 0 _aAlgunas notas acerca de la balneología y de las ideas modernas que hay respecto á este medio terapéutico /
_cpor Manuel González Tánago. La balneoterapia en las enfermedades del aparato respiratorio / por Gustav Spiess. Valor de la inhalación del agua mineral pulverizada libremente en el tratamiento de los catarros crónicos bronquiales / por el dr. Stemmler.
260 _aMadrid :
_b[s.n.],
_c1909 (
_fImpr. de Ricardo Rojas)
300 _a43 p. ;
_c25 cm.
650 1 4 _aBalneoterapia.
_910482
700 1 _aSpiess, Gustav.
_9107724
700 1 _aStemmler.
_9108083
740 3 _aLa balneoterapia en las enfermedades del aparato respiratorio.
740 0 _aValor de la inhalación del agua mineral pulverizada libremente en el tratamiento de los catarros crónicos bronquiales.
852 _aES-MaACL
_jT-150 bis-F-13
999 _c115662
_d115662